| 000 | 00362nam a2200133Ia 4500 | ||
|---|---|---|---|
| 008 | 150202s9999 xx 000 0 und d | ||
| 020 | _a61031429 | ||
| 050 |
_aFIC _bFIC |
||
| 100 | _aScottoline, Lisa. | ||
| 245 | 4 |
_aThe Vendetta defense / _cLisa Scottoline. |
|
| 260 |
_aNew York : _bHarperTorch, _c2001. |
||
| 300 |
_a518 pages : _c18 cm. |
||
| 650 | _aFiction. | ||
| 999 |
_c282396 _d282396 |
||